000 00451nam a2200181Ia 4500
008 230711s9999||||xx |||||||||||||| ||und||
020 _a978-1-118-98133-7
041 _aENG
082 _a720.9
_bCH-G
100 _aChing,Francis D.K
245 2 _aA Global History of Architecture
250 _a3rd Ed.
260 _c2017
_aNew Jersy
_bJohn Wiley & Sons.Inc
300 _a850p.
650 _aArchitecture
700 _aJarzombek,Mark
942 _cBK
999 _c9721
_d9721